000 00353nam a2200157Ia 4500
008 221030s9999 xx 000 0 und d
020 _a0140050337
041 _aEnglish
082 _a105.23
_bWod
100 _aP. G. Wodehouse
245 2 _aA Pelican at Blandings
260 _bPenguin books
_c1969
300 _a205
650 _aGeneral
942 _cBK
999 _c276
_d276